Les 10 villes les plus peuplées des Pyrénées-Orientales (66) - Statistiques

Statistiques générales
  • Ce quiz a été pris 41 fois
  • Le résultat moyen est 5 sur 10
Statistiques - réponses
Population Communes % Correct
121 000 Perpignan
100%
10 800 Argelès-sur-Mer
71%
13 000 Canet-en-Roussillon
71%
12 000 Saint-Cyprien
63%
9 200 Rivesaltes
43%
11 700 Saint-Estève
37%
10 400 Cabestany
34%
9 500 Elne
34%
11 200 Pia
31%
9 900 Saint-Laurent-de-la-Salanque
23%
Aucun quiz correspondant
Distribution des résultats
% des personnes avec chaque résultat
Percentile par nombre de réponses
Votre historique - résultats
Vous n’avez pas pris ce quiz